[Event "Mazowiec-chT op Autumn"]
[Site "Poland"]
[Date "2012.10.14"]
[Round "1.13"]
[White "Pienkos, Slawomir"]
[Black "Czyz, Pawel"]
[Result "0-1"]
[WhiteElo "1978"]
[BlackElo "2028"]
[PlyCount "106"]
[EventDate "2012.10.14"]
[EventType "team-swiss"]
[EventRounds "8"]
[EventCountry "POL"]
[SourceTitle "EXT 2019"]
[Source "ChessBase"]
[SourceDate "2018.10.10"]
[SourceVersion "1"]
[SourceVersionDate "2018.10.10"]
[SourceQuality "1"]

1. e4 c6 2. Nc3 d5 3. e5 Bf5 4. g4 Bg6 5. Nge2 d4 6. Nb1 Qd5 7. Rg1 e6 8. f4 h5 9. Bg2 Qd8 10. g5 Ne7 11. d3 Nf5 12. Ng3 Bb4+ 13. Ke2 Na6 14. a3 Be7 15. Nxf5 Bxf5 16. Nd2 Bg4+ 17. Bf3 Bxf3+ 18. Nxf3 g6 19. c4 dxc3 20. bxc3 0-0 21. Be3 Qa5 22. Qc2 Rfd8 23. Nd2 Nc5 24. d4 Na4 25. Ne4 c5 26. Qb3 Nxc3+ 27. Qxc3 Qxc3 28. Nxc3 cxd4 29. Ne4 dxe3 30. Kxe3 Rac8 31. Rgc1 Kf8 32. a4 Bb4 33. Rab1 a5 34. h4 Ke7 35. Ke2 Rc6 36. Rxc6 bxc6 37. Ke3 Kd7 38. Kd3 Kc7+ 39. Kc4 Rd5 40. Rf1 Kb6 41. Kb3 Rd4 42. Nf6 c5 43. Rf3 c4+ 44. Kc2 Rd2+ 45. Kc1 Rh2 46. Nxh5 gxh5 47. f5 exf5 48. Rxf5 Rxh4 49. Rxf7 Rg4 50. Rf6+ Kc5 51. g6 c3 52. Kc2 Kc4 53. e6 Rg2+ 0-1

[Event "Mazowiec-chT"]
[Site "Mazowsze"]
[Date "2009.04.20"]
[Round "8"]
[White "Bajkowski, Marcin"]
[Black "Pienkos, Slawomir"]
[Result "1-0"]
[WhiteElo "1877"]
[BlackElo "1991"]
[PlyCount "96"]
[EventDate "2009.01.11"]
[EventType "team-tourn"]
[EventRounds "10"]
[EventCountry "POL"]
[SourceTitle "EXT 2013"]
[Source "ChessBase"]
[SourceDate "2012.11.22"]
[SourceVersion "1"]
[SourceVersionDate "2012.11.22"]
[SourceQuality "1"]

1. d4 g6 2. Nf3 f5 3. Nc3 Nf6 4. Bg5 Bg7 5. Bxf6 Bxf6 6. e4 e6 7. Bc4 fxe4 8. Nxe4 d5 9. Nxf6+ Qxf6 10. Bd3 c5 11. c3 c4 12. Bc2 0-0 13. 0-0 b5 14. a3 Nc6 15. Qd2 Bd7 16. Qe3 Rae8 17. Rae1 Kg7 18. Ne5 Nxe5 19. dxe5 Qf4 20. Qxa7 Rf7 21. Qe3 Qh4 22. g3 Qh3 23. f3 Ref8 24. Rf2 Bc6 25. Ref1 h5 26. Qg5 Rf5 27. Bxf5 Rxf5 28. Qe7+ Rf7 29. Qc5 Bd7 30. Qd4 Qf5 31. Kg2 g5 32. Re1 Bc6 33. h3 Bb7 34. Re3 Qb1 35. h4 Qg6 36. hxg5 Qxg5 37. Re1 Rf5 38. Qb6 Qe7 39. Qxb5 Qc7 40. a4 d4 41. cxd4 Bd5 42. Re3 Qe7 43. Kf1 Qg5 44. f4 Qg4 45. Ke1 Rf7 46. Qa5 Rb7 47. Qd8 Qf5 48. Qg5+ Qxg5 1-0

[Event "Mazowiec-chT"]
[Site "Mazowsze"]
[Date "2009.01.11"]
[Round "1"]
[White "Pienkos, Slawomir"]
[Black "Moskwinski, Tadeusz"]
[Result "1/2-1/2"]
[WhiteElo "1991"]
[BlackElo "2214"]
[PlyCount "100"]
[EventDate "2009.01.11"]
[EventType "team-tourn"]
[EventRounds "10"]
[EventCountry "POL"]
[SourceTitle "EXT 2013"]
[Source "ChessBase"]
[SourceDate "2012.11.22"]
[SourceVersion "1"]
[SourceVersionDate "2012.11.22"]
[SourceQuality "1"]

1. e4 c5 2. f4 d6 3. Nf3 g6 4. Nc3 Bg7 5. g3 Nc6 6. Bg2 e6 7. 0-0 Nge7 8. Ne2 0-0 9. d3 h6 10. c3 f5 11. Be3 b6 12. Qc2 e5 13. Rad1 Qe8 14. Nh4 Be6 15. d4 cxd4 16. fxe5 dxe3 17. exd6 Nc8 18. exf5 gxf5 19. Nf4 Bd7 20. g4 Be5 21. Bd5+ Kg7 22. gxf5 Nxd6 23. Ne6+ Bxe6 24. fxe6 Ne7 25. Qg2+ Kh8 26. Rxf8+ Qxf8 27. Bxa8 Qf6 28. Nf3 Qxe6 29. Nxe5 Qxe5 30. Bf3 Nef5 31. Qg6 e2 32. Re1 Qe3+ 33. Kh1 Qxf3+ 34. Qg2 Qxg2+ 35. Kxg2 Kg7 36. Rxe2 Kf6 37. b3 b5 38. Re1 a5 39. Kf3 h5 40. Kg2 Ne7 41. Kf3 Nd5 42. Rc1 b4 43. cxb4 axb4 44. Rc5 Ke5 45. Ra5 Nf5 46. a3 Nd4+ 47. Kg3 Nxb3 48. Rxd5+ Kxd5 49. axb4 Nd4 50. Kh4 Nf3+ 1/2-1/2

[Event "Warsaw Agape"]
[Site "Warsaw"]
[Date "2008.03.19"]
[Round "3"]
[White "Brudzinski, Maciej"]
[Black "Pienkos, Slawomir"]
[Result "1-0"]
[WhiteElo "2114"]
[BlackElo "2030"]
[PlyCount "69"]
[EventDate "2008.03.05"]
[EventType "tourn"]
[EventRounds "9"]
[EventCountry "POL"]
[SourceTitle "EXT 2023"]
[Source "ChessBase"]
[SourceDate "2022.10.05"]
[SourceVersion "1"]
[SourceVersionDate "2022.10.05"]
[SourceQuality "1"]

1. e4 c5 2. Nf3 Nc6 3. d3 d6 4. Nc3 e5 5. Nd5 Nf6 6. Bg5 Be7 7. Nxe7 Qxe7 8. c3 h6 9. Bh4 Bg4 10. Be2 g5 11. Bg3 0-0-0 12. Nxe5 dxe5 13. Bxg4+ Nxg4 14. Qxg4+ Kc7 15. Qe2 Qe6 16. h4 f5 17. exf5 Qxf5 18. 0-0-0 b6 19. Qe4 Qxe4 20. dxe4 Rxd1+ 21. Rxd1 Rd8 22. Rd5 gxh4 23. Bxh4 Rg8 24. Bg3 Rg5 25. Kd2 h5 26. Ke2 h4 27. Bxh4 Rxg2 28. Bg3 Rg1 29. Bxe5+ Nxe5 30. Rxe5 Rb1 31. Re7+ Kb8 32. Rd7 Rxb2+ 33. Rd2 Rb1 34. e5 Rh1 35. f4 1-0

[Event "Warsaw Agape"]
[Site "Warsaw"]
[Date "2008.03.12"]
[Round "2"]
[White "Pienkos, Slawomir"]
[Black "Nozynska, Anna"]
[Result "1-0"]
[WhiteElo "2030"]
[BlackElo "1833"]
[PlyCount "109"]
[EventDate "2008.03.05"]
[EventType "tourn"]
[EventRounds "9"]
[EventCountry "POL"]
[SourceTitle "EXT 2023"]
[Source "ChessBase"]
[SourceDate "2022.10.05"]
[SourceVersion "1"]
[SourceVersionDate "2022.10.05"]
[SourceQuality "1"]

1. e4 e5 2. f4 exf4 3. Bc4 f5 4. d4 Qh4+ 5. Kf1 fxe4 6. Qe2 Nf6 7. Nc3 e3 8. g3 fxg3 9. Bxe3 Be7 10. Re1 Rf8 11. Kg2 gxh2 12. Rxh2 Qg4+ 13. Qxg4 Nxg4 14. Rxh7 Bf6 15. Nd5 Nxe3+ 16. Rxe3+ Kd8 17. Nf3 c6 18. Nxf6 gxf6 19. d5 cxd5 20. Bxd5 Nc6 21. c3 a5 22. Nd2 Ra6 23. Ne4 a4 24. c4 Nb4 25. Bf7 f5 26. Nc3 Rf6 27. Bd5 Nxd5 28. Nxd5 Rd6 29. Reh3 b5 30. Rh8 Rg6+ 31. Kf2 Rgg8 32. Rxg8 Rxg8 33. cxb5 Bb7 34. Rd3 Rh8 35. Kg3 Bxd5 36. Rxd5 Rf8 37. Rd4 f4+ 38. Kf3 Rf5 39. Rxa4 Rxb5 40. b3 Rh5 41. Ra8+ Kc7 42. Kxf4 Kb6 43. Ke3 Rd5 44. Ra4 Rc5 45. Kd3 d5 46. Kd4 Rb5 47. Ra8 Kb7 48. Rd8 Kc6 49. Rh8 Ra5 50. a4 Ra7 51. Rh6+ Kb7 52. Rh7+ Ka6 53. Rxa7+ Kxa7 54. Kxd5 Kb7 55. b4 1-0

[Event "Mazowiec-chT 0708"]
[Site "Poland"]
[Date "2008.01.27"]
[Round "8"]
[White "Pienkos, Slawomir"]
[Black "Leszner, Liliana"]
[Result "0-1"]
[WhiteElo "2035"]
[BlackElo "2140"]
[PlyCount "108"]
[EventDate "2007.10.14"]
[EventType "team-tourn"]
[EventRounds "10"]
[EventCountry "POL"]
[SourceTitle "EXT 2010"]
[Source "ChessBase"]
[SourceDate "2010.11.25"]
[SourceVersion "1"]
[SourceVersionDate "2010.11.25"]
[SourceQuality "1"]

1. e4 g6 2. d4 Bg7 3. f4 d6 4. Nf3 Nf6 5. Bd3 c5 6. c3 0-0 7. 0-0 cxd4 8. cxd4 Bg4 9. Qb3 Qc7 10. Be3 Bxf3 11. gxf3 Nh5 12. Nc3 Bh6 13. Nd5 Qd7 14. f5 Bxe3+ 15. Nxe3 Nc6 16. Bb5 a6 17. Bxc6 bxc6 18. f4 Rab8 19. Qc2 Qa7 20. Rad1 Rb4 21. Qc3 Rfb8 22. b3 c5 23. Nc2 cxd4 24. Rxd4 Rxd4 25. Qxd4 Qxd4+ 26. Nxd4 Rb4 27. Nc6 Rxe4 28. fxg6 hxg6 29. f5 g5 30. Rd1 Nf4 31. a4 Kg7 32. Kf2 Kf6 33. Kf3 Re2 34. h4 Rb2 35. hxg5+ Kxg5 36. Rg1+ Kxf5 37. Nxe7+ Ke6 38. Re1+ Re2 39. Rxe2+ Nxe2 40. Nc6 Nc1 41. b4 Na2 42. b5 axb5 43. axb5 Kd7 44. Kf4 Nc3 45. Nd4 Kc7 46. Kf5 Nd5 47. Nc6 Kd7 48. Nd4 Ke8 49. Ke4 Nb6 50. Kf5 Nc8 51. Kf6 Ne7 52. b6 Nd5+ 53. Kg7 Nxb6 54. Nf5 Nc4 0-1

[Event "Mazowiec-chT 0708"]
[Site "Poland"]
[Date "2007.12.02"]
[Round "4"]
[White "Pienkos, Slawomir"]
[Black "Zajewski, Zbigniew"]
[Result "1-0"]
[WhiteElo "2035"]
[BlackElo "1912"]
[PlyCount "49"]
[EventDate "2007.10.14"]
[EventType "team-tourn"]
[EventRounds "10"]
[EventCountry "POL"]
[SourceTitle "EXT 2010"]
[Source "ChessBase"]
[SourceDate "2010.11.25"]
[SourceVersion "1"]
[SourceVersionDate "2010.11.25"]
[SourceQuality "1"]

1. e4 c5 2. f4 d6 3. Nf3 Nc6 4. Bb5 Bd7 5. 0-0 Nf6 6. Nc3 e6 7. h3 Be7 8. d3 0-0 9. Bxc6 Bxc6 10. Qe1 b5 11. g4 b4 12. Ne2 Qc7 13. Ng3 a5 14. g5 Nd7 15. f5 exf5 16. Nxf5 Ne5 17. Qg3 Nxf3+ 18. Rxf3 Rac8 19. Bf4 Rfd8 20. Raf1 Qd7 21. Nh6+ gxh6 22. gxh6+ Kf8 23. Qg7+ Ke8 24. Bg5 Qe6 25. Rxf7 1-0